000 00553nam a2200157 4500
999 _c16237
_d16237
008 210818b ||||| |||| 00| 0 eng d
022 _a0732-8435
082 _aDPer 657.05 C33 Apr - Sept 2016, v86 n4-9
100 _aLudlow, Richard.
_943529
245 _aTurning tax refunds into retirement savings:
_bthe treasury's new my RA/
_cRichard Ludlow.
260 _aNew York:
_bThe New York State Society of CPA,
_c2016.
300 _av86 n4, page 19;
_b
_c28 cm.
650 _aTaxation.
_943530
650 _aRetirement
_xSavings.
_943531
942 _2ddc
_cPER